| 000 | 00398nam a2200145Ia 4500 | ||
|---|---|---|---|
| 008 | 230917s9999||||xx |||||||||||||| ||und|| | ||
| 040 |
_e131324 _aMAIN |
||
| 041 | _aEnglish | ||
| 082 | _a301.441 H219F | ||
| 100 | _ahardiman, David | ||
| 245 | 0 | _aFeeding the baniya: peasants and usuers in western India | |
| 260 |
_aNew Delhi _bOxford University Press _c2000 |
||
| 300 | _a368p p. | ||
| 942 | _cBK | ||
| 999 |
_c138805 _d138805 |
||